| 000 | 00787nam a2200217 i 4500 | ||
|---|---|---|---|
| 001 | 128450 | ||
| 003 | ES-MaACL | ||
| 005 | 20250816063140.0 | ||
| 007 | t| | ||
| 008 | 070511m19231925fr ||||1| fre d | ||
| 100 | 1 |
_aTácito, Cayo Cornelio _9109052 |
|
| 245 | 1 | 0 |
_aAnnales / _cTacite ; texte établi et traduit par Henri Goelzer. |
| 260 |
_aParis : _bLes Belles Letres, _c1923-1925. |
||
| 300 |
_a3 v. ; _c20 cm. |
||
| 490 | 1 | _aCollection des universités de France de la Association Guillaume Budé | |
| 651 | 4 |
_aRoma- _xHistoria- _y30 a.C.-284 d.C., Alto Imperio. _99318 |
|
| 700 | 1 |
_aGoelser, Henri. _957557 |
|
| 830 | 1 |
_aCollection des universités de France de la Association Guillaume Budé _9219285 |
|
| 852 |
_aES-MaACL _jC-6834-36 |
||
| 999 |
_c128450 _d128450 |
||